Statistiques concernant Vainqueurs des 3 grands tours depuis 2010

Cliquez ici pour prendre le quiz!

Statistiques générales

  • Ce quiz a été pris 263 fois
  • Le résultat moyen est 33 sur 42

Statistiques - réponses

HintRéponse% Correct
Tour 2013Christopher Froome
98%
Giro 2018Christopher Froome
98%
Vuelta 2017Christopher Froome
98%
Tour 2017Christopher Froome
98%
Vuelta 2011Christopher Froome
98%
Tour 2015Christopher Froome
98%
Tour 2016Christopher Froome
98%
Tour 2021Tadej Pogacar
95%
Tour 2020Tadej Pogacar
95%
Vuelta 2014Alberto Contador
94%
Tour* 2010Alberto Contador
94%
Giro 2015Alberto Contador
94%
Vuelta 2012Alberto Contador
94%
Giro* 2011Alberto Contador
94%
Giro 2013Vincenzo Nibali
94%
Tour 2014Vincenzo Nibali
94%
Vuelta 2010Vincenzo Nibali
94%
Giro 2016Vincenzo Nibali
94%
Vuelta 2020Primoz Roglic
90%
Vuelta 2019Primoz Roglic
90%
Vuelta 2021Primoz Roglic
90%
Tour 2019Egan Bernal
89%
Giro 2021Egan Bernal
89%
Tour 2018Geraint Thomas
88%
Tour 2022Jonas Vingegaard
88%
Tour 2012Bradley Wiggins
80%
Tour 2010Andy Schleck
79%
Tour 2011Cadel Evans
75%
Vuelta 2016Nairo Quintana
74%
Giro 2014Nairo Quintana
74%
Vuelta 2022Remco Evenepoel
72%
Giro 2022Jai Hindley
63%
Giro 2019Richard Carapaz
61%
Giro 2017Tom Dumoulin
61%
Giro 2020Tao Geoghegan Hart
53%
Vuelta 2018Simon Yates
50%
Vuelta 2015Fabio Aru
47%
Vuelta 2013
Christopher Horner
42%
Giro 2010Ivan Basso
34%
Giro 2012Ryder Hesjedal
32%
Vuelta 2011*Juan Jose Cobo
24%
Giro 2011Michele Scarponi
23%

Distribution des résultats

Percentile par nombre de réponses

% des personnes avec chaque résultat

Votre développement - résultats

Vous n’avez pas pris ce quiz